| 000 | 00480nam a2200169Ia 4500 | ||
|---|---|---|---|
| 008 | 230524s9999 xx 000 0 und d | ||
| 082 |
_a533 _bDOM |
||
| 100 |
_aV.M. Domkundwar _942001 |
||
| 245 | 2 | _aA Textbook of Fluid Mechanics & Hydraulic Machines with Introduction to fluidics | |
| 250 | _a1 | ||
| 260 |
_aDelhi _bDhanpat rai _c2012 |
||
| 300 | _a"XI,10.14P;" | ||
| 500 | _aQuantity Number: 1 | ||
| 650 | _aMechanics | ||
| 700 |
_aAnand V.Domkundwar _942014 |
||
| 942 | _cBK | ||
| 999 |
_c60723 _d60723 |
||